000 00493nam a2200181Ia 4500
001 13286
005 20260306164750.0
008 260306t2007||||xx |||||||||||||| ||spa||
041 _aESP
082 _a001.42
_bK76
100 _aKornblit, Ana Lía (Coord.)
_eAUT
245 0 _aMetodologías cualitativas en ciencias sociales:
_bModelos y procedimientos de análisis
260 _c2007
300 _a206 páginas :
_c23 cm.
650 _aGEN
654 _aCHU
942 _cLIB
_dJUS
_fJUS
_2ddc
_n
999 _c13286
_d13286